Jeev jantuon ke rochak rahasya (Hindi) (Record no. 75476)

MARC details
000 -LEADER
fixed length control field 00302nam a22001217a 4500
020 ## - INTERNATIONAL STANDARD BOOK NUMBER
ISBN 978-93-83126-17-0
082 ## - DEWEY DECIMAL CLASSIFICATION NUMBER
Classification number 811.214.21:57 PRA
100 ## - MAIN ENTRY--AUTHOR NAME
Personal name PRAKASH,Aravind
245 ## - TITLE STATEMENT
Title Jeev jantuon ke rochak rahasya (Hindi)
260 ## - PUBLICATION, DISTRIBUTION, ETC. (IMPRINT)
Place of publication New Delhi
Name of publisher Kanchan Publishing House
300 ## - PHYSICAL DESCRIPTION
Number of Pages 80p.
942 ## - ADDED ENTRY ELEMENTS (KOHA)
Koha item type Books
Holdings
Withdrawn status Lost status Damaged status Not for loan Home library Current library Date acquired Source of acquisition Cost, normal purchase price Full call number Accession Number Koha item type
        RRII Library RRII Library 02/04/2025 Complementary copy from Hindi Section, Rubber Board 250.00 811.214.21:57 PRA G01747 Books